000
00257nam a2200097Ia 4500
082
_a
R 830.9 ROB
245
0
_a
HISTORY OF GERMAN LITERATURE
100
_a
ROBERTSON, J.G. 1970
_9
99419
942
_c
BK
008
210817s9999 xx 000 0 und d
999
_c
421982
_d
421981